First 20 Elements - Statistics

General Stats
  • This quiz has been taken 568 times
  • The average score is 19 of 20
Answer Stats
Symbol Elements % Correct
He Helium
100%
H Hydrogen
100%
Li Lithium
100%
C Carbon
98%
O Oxygen
98%
N Nitrogen
97%
B Boron
95%
Be Beryllium
94%
Al Aluminium
93%
Mg Magnesium
93%
Ne Neon
93%
Na Sodium
92%
F Fluorine
91%
Si Silicon
89%
Ar Argon
88%
K Potassium
88%
Ca Calcium
87%
Cl Chlorine
86%
S Sulfur
86%
P Phosphorus
85%
No matching quizzes found
Score Distribution
Percent of People with Each Score
Percentile by Number Answered
Your Score History
You have not taken this quiz